| 000 | 00674cam a22002172 4500 | ||
|---|---|---|---|
| 001 | 0000020804 | ||
| 005 | 20151217152222.0 | ||
| 008 | 111018s xx 000 0 eng d | ||
| 020 | _a0071498463 : | ||
| 040 |
_aKABU _cKABU |
||
| 100 | 1 |
_aYoder, Bo. _@0000181409 |
|
| 245 | 1 | 0 |
_aOptimize your trading edge : _bincrease profits, reduce draw downs, and eliminate leaks in your trading strategy / _cBo Yoder. |
| 250 | _a1st ed. | ||
| 260 |
_aNew York : _bMcGraw Hill, _c2003. |
||
| 300 | _ax, 228 p. | ||
| 650 | 0 |
_aSpeculation. _@0000170278 |
|
| 650 | 0 |
_aInvestments. _@0000105741 |
|
| 908 | _a111018 | ||
| 950 | _@1 | ||
| 999 |
_c9509 _d9509 |
||